Waxicorn breeder seed production on wet season condition 2002, ការផលិតពូជជំរើសវិទូនៃដំណាំពោតដំណើបក្នុងលក្ខខ័ណ្ឌរដូវវស្សាឆ្នាំ២០០២ (Record no. 1330)
[ view plain ]
| 000 -LEADER | |
|---|---|
| fixed length control field | 00620nam a22001577a 4500 |
| 003 - CONTROL NUMBER IDENTIFIER | |
| control field | OSt |
| 005 - DATE AND TIME OF LATEST TRANSACTION | |
| control field | 20150927141001.0 |
| 008 - FIXED-LENGTH DATA ELEMENTS--GENERAL INFORMATION | |
| fixed length control field | 150927b xxu||||| |||| 00| 0 eng d |
| 040 ## - CATALOGING SOURCE | |
| Transcribing agency | RUA |
| 082 ## - DEWEY DECIMAL CLASSIFICATION NUMBER | |
| Classification number | AGR LY 2003 B058 Or.1 |
| 100 ## - MAIN ENTRY--PERSONAL NAME | |
| 9 (RLIN) | 1415 |
| Personal name | LY, SOKTHY. |
| 245 ## - TITLE STATEMENT | |
| Title | Waxicorn breeder seed production on wet season condition 2002, ការផលិតពូជជំរើសវិទូនៃដំណាំពោតដំណើបក្នុងលក្ខខ័ណ្ឌរដូវវស្សាឆ្នាំ២០០២ |
| 260 ## - PUBLICATION, DISTRIBUTION, ETC. (IMPRINT) | |
| Place of publication, distribution, etc. | Phnom Penh |
| Name of publisher, distributor, etc. | RUA |
| Date of publication, distribution, etc. | 2003 |
| 300 ## - PHYSICAL DESCRIPTION | |
| Extent | 65p. |
| Other physical details | ill. |
| Dimensions | 29cm. |
| 942 ## - ADDED ENTRY ELEMENTS (KOHA) | |
| Source of classification or shelving scheme | |
| Koha item type | ATM.s |
| Price effective from | Date last seen | Permanent Location | Not for loan | Date acquired | Source of classification or shelving scheme | Koha item type | Lost status | Withdrawn status | Date last checked out | Total Checkouts | Shelving location | Damaged status | Barcode | Current Location | Full call number |
|---|---|---|---|---|---|---|---|---|---|---|---|---|---|---|---|
| 2015-09-27 | 2022-06-01 | Library Block B | 2015-09-27 | ATM.s | 2022-05-13 | 2 | B058 | RUA001291 | Library Block B | AGR LY 2003 B058 Or.1 | |||||
| 2015-09-27 | 2015-09-27 | Library Block B | 2015-09-27 | ATM.s | B058 | RUA001250 | Library Block B | AGR LY 2003 B058 Or.2 | |||||||
| 2015-09-27 | 2015-09-27 | Library Block B | 2015-09-27 | ATM.s | B058 | RUA001440 | Library Block B | AGR LY 2003 B058 Or.3 | |||||||
| 2015-09-27 | 2015-09-27 | Library Block B | 2015-09-27 | ATM.s | B058 | RUA001466 | Library Block B | AGR LY 2003 B058 Or.4 | |||||||
| 2015-09-27 | 2015-09-27 | Library Block B | 2015-09-27 | ATM.s | B058 | RUA001374 | Library Block B | AGR LY 2003 B058 Or.5 | |||||||
| 2015-09-27 | 2019-11-02 | Library Block B | 2015-09-27 | ATM.s | 2019-10-19 | 2 | B058 | RUA001230 | Library Block B | AGR LY 2003 B058 Or.6 | |||||
| 2015-10-28 | 2015-10-28 | Library Block B | 2015-10-28 | ATM.s | B058 | RUA007848 | Library Block B | AGR LY 2003 B058 Or.7 | |||||||
| 2015-10-28 | 2015-10-28 | Library Block B | 2015-10-28 | ATM.s | B058 | RUA007812 | Library Block B | AGR LY 2003 B058 Or.8 |